000 00636cam a22002293a 4500
001 1451
003 PGUSA
005 20140828083001.0
008 980901s1998||||xxu|||||s|||||000 | eng d
040 _aPGUSA
_beng
042 _adc
050 4 _aGV
100 1 _aTilden, William T.
_q(William Tatem),
_d1893-1953
245 1 4 _aThe Art of Lawn Tennis
_h[electronic resource] /
_cWilliam T. Tilden
260 _bProject Gutenberg,
_c1998
506 _aPublic domain in the USA.
516 _aElectronic text
653 _aTennis
830 0 _aProject Gutenberg
_v1451
856 4 0 _uhttp://www.gutenberg.org/ebooks/1451
942 _cEB
999 _c230799
_d230799